000 00557cam a22002053a 4500
001 45772
003 PGUSA
005 20140828084049.0
008 140526s2014||||xxu|||||s|||||000 | eng d
040 _aPGUSA
_beng
042 _adc
100 1 _aHayden, Arthur
245 1 0 _aChats on Old Clocks
_h[electronic resource] /
_cArthur Hayden
260 _bProject Gutenberg,
_c2014
506 _aPublic domain in the USA.
516 _aElectronic text
830 0 _aProject Gutenberg
_v45772
856 4 0 _uhttp://www.gutenberg.org/ebooks/45772
942 _cEB
999 _c275022
_d275022